Normal view MARC view

Entry Nombre de reunión

Number of records used in: 1

001 - NÚMERO DE CONTROL

  • campo de control: 234718

003 - IDENTIFICADOR DE NÚMERO DE CONTROL

  • campo de control: ES-MaACL

005 - FECHA Y HORA DE LA ÚLTIMA TRANSACCIÓN

  • campo de control: 20240111183115.0

008 - ELEMENTOS DE DATO DE LONGITUD-FIJA

  • campo de control de longitud fija: 231227|| aca||aabn | a|a d

040 ## - FUENTE DE CATALOGACIÓN

  • Centro catalogador/agencia de origen: ES-MaACL
  • Centro/agencia transcriptor: ES-MaACL

111 2# - ENCABEZAMIENTO--NOMBRE DE CONGRESO/REUNIÓN

  • Nombre de congreso/reunión o jurisdicción como elemento de entrada: Congreso de Europa
  • Fecha del congreso o de la firma del tratado: (1948.
  • Sede del congreso/Lugar de la reunión: La Haya)

670 ## - FUENTE DE DATOS ENCONTRADOS

  • Cita de la fuente: Work cat.: (ES-MaACL)193455: Francisco Aldecoa y Eugenio Nasarre (eds.) 234717, El Congreso de Europa (La Haya, 1948)